Statistics for Countries that Bruce Springsteen has gigged in

Click here to take the quiz!

General Stats

  • This quiz has been taken 49 times
  • The average score is 29 of 34

Answer Stats

Number of gigsCountry% Correct
56Australia
100%
55Canada
100%
53Spain
100%
108United Kingdom
100%
2,802United States
100%
43France
98%
64Germany
98%
51Italy
98%
22Norway
98%
3Brazil
96%
7Finland
96%
24Netherlands
96%
13Belgium
94%
14Japan
94%
1Mexico
94%
4Portugal
94%
37Sweden
94%
27Ireland
92%
5New Zealand
92%
10Switzerland
92%
18Denmark
90%
6South Africa
88%
2Poland
85%
3Argentina
83%
6Austria
83%
1Greece
77%
1Chile
75%
1Hungary
73%
1India
69%
2Czech Republic
63%
1Iceland
63%
1Costa Rica
44%
1Ivory Coast
23%
1Zimbabwe
19%

Score Distribution

Percentile by Number Answered

Percent of People with Each Score

Your Score History

You have not taken this quiz